000 00664nam a22001937a 4500
999 _c167552
_d167552
005 20220215115622.0
010 _aENG-126451
020 _c280.00
_a978-93-83640-21-8
035 _aEN-109983
037 _bDBAD/PUB
082 _a621.3
100 _aSridhar,P
245 _aFundamentals of Electricals Engineering /
_cby P Sridhar [and] D Shobha Rani
260 _aHyderabad
_bSpecturm Unversity
_c2018
270 _bHyderabad
_a#326/C,1st Floor, Surneni Nilayam Near B K Guda Park, S R Nagar
_e500038
_k+91 40 23710657, 238000657
_l+91 40 23810657
300 _a398p.
_c24cm(pbk)
700 _aRani, D Shobha
942 _2ddc
_cEN
_h621.3
_mSRI